Darts Players - Statistics

General Stats
  • This quiz has been taken 3,158 times
  • The average score is 22 of 50
Answer Stats
No. Nation Nickname Answer % Correct
1 England The Power Phil Taylor
97%
5 Scotland The Flying Scotsman Gary Anderson
92%
7 Netherlands Mighty Mike Michael Van Gerwen
91%
2 England Jackpot Adrian Lewis
89%
4 Australia The Wizard Simon Whitlock
84%
3 England The Machine James Wade
83%
24 Scotland Snakebite Peter Wright
82%
12 England Chizzy Dave Chisnall
81%
13 Netherlands Barney Raymond Van Barneveld
81%
23 England The Pie Man Andy Smith
73%
48 England Smiffy Dennis Smith
73%
38 England Bully Michael Smith
73%
14 England The King Mervyn King
71%
17 Scotland The Thorn Robert Thornton
56%
19 Northern Ireland The History Maker Brendan Dolan
55%
26 Canada Darth Maple John Part
54%
15 England The Artist Kevin Painter
50%
21 Belgium The Hurricane Kim Huybrechts
50%
33 England Diamond Ian White
48%
29 England The Bronzed Adonis Steve Beaton
48%
8 England The Hammer Andy Hamilton
47%
11 Wales The Spider Mark Webster
44%
41 England Rockstar Joe Cullen
43%
46 Austria The Gentle Mensur Suljovic
41%
39 Scotland Highlander John Henderson
39%
22 England Walshy Mark Walsh
37%
10 England The Raging Bull Terry Jenkins
37%
16 Australia The Asset Paul Nicholson
36%
20 Netherlands Grease Lightning Vincent Van Der Voort
35%
25 England Jaws Colin Lloyd
33%
44 England The Menace Dennis Priestley
32%
27 Wales The Prince Of Wales Richie Burnett
28%
6 England The Warrior Wesley Newton
28%
40 Netherlands The Matchstick Man Co Stompe
26%
42 Netherlands The Matador Jelle Klaasen
26%
9 England The Force Justin Pipe
26%
18 England The Rocket Ronnie Baxter
26%
28 England Ozzy Colin Osborne
24%
31 England Jabba Jamie Caven
19%
30 England The Wanderer Wayne Jones
19%
50 England Over The Top Dean Winstanley
17%
32 England The Heat Denis Ovens
17%
49 England Flash Mark Dudbridge
15%
42 Netherlands The Flying Dutchman Roland Scholten
15%
36 England The Saint Alan Tabern
12%
35 England Bomber Steve Brown
12%
37 England Cool Hand Scott Rand
9%
34 England Mile High Mark Hylton
8%
47 England Undertaker Nigel Heydon
6%
44 England The Train Steve Farmer
5%
No matching quizzes found
Score Distribution
Percent of People with Each Score
Percentile by Number Answered
Your Score History
You have not taken this quiz